V Oravskej televíznej fabrike sa kryštalizujú dvaja hlavní akcionári
Hospodárenie Oravskej televíznej fabriky (OTF), a.s., Nižná - nedostatok finančných zdrojov, problémy s exportom do Českej republiky. Stratovosť podniku za posledné tri roky. Možnosť riešenia problémov - revitalizácia spoločnosti. Hlavní akcionári spoločnosti.
Salvato in:
| Autore principale: | |
|---|---|
| Natura: | Capitolo di libro |
| Lingua: | slovacco |
| Soggetti: | |
| Tags: |
Nessun Tag, puoi essere il primo ad aggiungerne!!
|
MARC
| LEADER | 00000naa a2200000 4500 | ||
|---|---|---|---|
| 001 | r027167 | ||
| 005 | 20230921081118.2 | ||
| 041 | 0 | |a slo | |
| 044 | |a SK | ||
| 245 | 1 | 0 | |a V Oravskej televíznej fabrike sa kryštalizujú dvaja hlavní akcionári |c Š. Kuča |
| 520 | |a Hospodárenie Oravskej televíznej fabriky (OTF), a.s., Nižná - nedostatok finančných zdrojov, problémy s exportom do Českej republiky. Stratovosť podniku za posledné tri roky. Možnosť riešenia problémov - revitalizácia spoločnosti. Hlavní akcionári spoločnosti. | ||
| 610 | 2 | 0 | |a OTF, a.s. Nižná |
| 610 | 2 | 0 | |a televízia |
| 610 | 2 | 0 | |a elektronika spotrebná |
| 610 | 2 | 0 | |a ukazovatele ekonomické |
| 610 | 2 | 0 | |a hospodárenie podnikové |
| 610 | 2 | 0 | |a spoločnosti akciové |
| 610 | 2 | 0 | |a oživenie |
| 610 | 2 | 0 | |a akcionári |
| 610 | 2 | 0 | |a vývoz |
| 100 | 1 | |a Kuča, Š. | |